Soft Computing and Intelligent Systems Design : Theory, Tools and Applications

Gespeichert in:
Bibliographische Detailangaben
Hauptverfasser: Karray, Fakhreddine O. (Verfasst von), de Silva, Clarence W. (Verfasst von)
Format: Buch
Sprache:Englisch
Veröffentlicht: Harlow : Pearson Addison Wesley, 2004
Tags: Tag hinzufügen
Keine Tags, Fügen Sie das erste Tag hinzu!

MARC

LEADER 00000nam a22000003a 4500
001 stu91651
005 20150617225620.9
008 041119s2004----uk------------------eng-d
020 |a 0-321-11617-8 
040 |a STU  |b slo 
041 0 |a eng 
044 |a uk 
080 |a 681.322.06 
080 |a 519.65 
100 1 |a Karray, Fakhreddine O.  |4 aut 
245 1 |a Soft Computing and Intelligent Systems Design :  |b Theory, Tools and Applications 
260 |a Harlow :  |b Pearson Addison Wesley,  |c 2004 
300 |a 560 s. Tab.,grafy,lit.,index 
700 1 |a de Silva, Clarence W.  |4 aut 
996 |b C98135  |c C*98135  |l CCXVI  |s P  |a 0  |w stu91651_0001